Statistics for 10 Biggest Cities in Argentina

Click here to take the quiz!

General Stats

  • This quiz has been taken 13 times
  • The average score is 2 of 10

Answer Stats

RankPopulationCity% Correct
12,995,015Buenos Aires
100%
4239,156Comodoro Rivadavia
15%
10152,442Concordia
8%
2301,059Ituzaingo
8%
5228,461La Rioja
8%
9152,996Lujan
8%
8157,653Olavarraa
8%
7174,311Rio Cuarto
8%
6184,922San Fernando del Valle de Catamarca
8%
3241,535Santo Tome
8%

Score Distribution

Percentile by Number Answered

Percent of People with Each Score

Your Score History

You have not taken this quiz